[Event "GAMMA Reykjavik Open 2019"]
[Site "Reykjavik ISL"]
[Date "2019.04.11"]
[Round "5.53"]
[White "Hardarson, Petur Palmi"]
[Black "Gantar, Jan"]
[Result "1/2-1/2"]
[WhiteElo "1808"]
[BlackElo "2172"]
[WhiteFideId "2317605"]
[BlackFideId "14607875"]
[EventDate "2019.04.08"]

1. d4 Nf6 2. c4 c5 3. d5 e6 4. Nc3 exd5 5. cxd5 d6 6. Nf3 g6 7. Bf4 a6 8. a4 Bg7
9. h3 O-O 10. e3 Qe7 11. Nd2 Nbd7 12. Nc4 Ne8 13. Be2 Rb8 14. a5 Ne5 15. Nb6 Nc7
16. O-O Bd7 17. Qb3 f5 18. Bg3 Be8 19. Rae1 h6 20. f4 Nd7 21. Bd3 Bxc3 22. bxc3
Nf6 23. Bh4 Qg7 24. Bxf6 Rxf6 25. c4 Bd7 26. e4 fxe4 27. Nxd7 Qxd7 28. Rxe4 Qg7
29. Rfe1 Rf7 30. Qb6 Qf6 31. Kh1 Rbf8 32. Qxb7 Ne6 33. Qxa6 Nxf4 34. Bf1 Nh5 35.
Kh2 Qc3 36. R1e3 Qd2 37. Be2 Nf6 38. Re6 Kg7 39. Qxd6 Qxa5 40. Rg3 g5 41. h4 Qd2
42. hxg5 hxg5 1/2-1/2

[Event "GAMMA Reykjavik Open 2019"]
[Site "Reykjavik ISL"]
[Date "2019.04.11"]
[Round "5.54"]
[White "Thorhallsson, Simon"]
[Black "Jonsson, Gauti Pall"]
[Result "1-0"]
[WhiteElo "2171"]
[BlackElo "2027"]
[WhiteFideId "2310090"]
[BlackFideId "2309092"]
[EventDate "2019.04.08"]

1. d4 e6 2. c4 f5 3. g3 Nf6 4. Bg2 Be7 5. Nf3 O-O 6. O-O d6 7. Nc3 Ne4 8. Nxe4
fxe4 9. Ne1 d5 10. f3 Nc6 11. fxe4 Rxf1+ 12. Bxf1 dxc4 13. e3 Na5 14. Bd2 c5 15.
Bxa5 Qxa5 16. Bxc4 cxd4 17. exd4 Bg5 18. Nf3 Be3+ 19. Kg2 Qb6 20. Qe2 Bxd4 21.
Nxd4 Qxd4 22. Rd1 Qb6 23. Qd2 a6 24. a4 Qc7 25. Qd8+ Qxd8 26. Rxd8+ Kf7 27. a5
Ke7 28. Rg8 Kf7 29. Rh8 Kf6 30. Kf3 Ke5 31. Ke3 h6 32. Re8 Kd6 33. Bxe6 1-0

[Event "GAMMA Reykjavik Open 2019"]
[Site "Reykjavik ISL"]
[Date "2019.04.11"]
[Round "5.56"]
[White "Kreckovic, Milos"]
[Black "Aasen, Kjetil Myrlid"]
[Result "1/2-1/2"]
[WhiteElo "2168"]
[BlackElo "1861"]
[WhiteFideId "918709"]
[BlackFideId "1539027"]
[EventDate "2019.04.08"]

1. d4 Nf6 2. c4 c5 3. Nf3 g6 4. g3 Bg7 5. Bg2 O-O 6. O-O d6 7. dxc5 dxc5 8. Ne5
Qb6 9. Nc3 Nfd7 10. Nd3 Na6 11. Bg5 f6 12. Be3 Rd8 13. Nd5 Qd6 14. Qc1 e6 15.
Bf4 e5 16. Bh6 Rb8 17. Bxg7 Kxg7 18. f4 Nc7 19. fxe5 fxe5 20. Nxc7 Qxc7 21. Qg5
Nb6 22. Qf6+ Kg8 23. Qxe5 Qxe5 24. Nxe5 Re8 25. Nd3 Nxc4 26. Bd5+ Be6 27. Bxe6+
Rxe6 28. Nxc5 Rxe2 29. Rae1 Rbe8 30. Rxe2 Rxe2 31. Rf2 Rxb2 32. Rxb2 Nxb2 33.
Nxb7 Kf8 34. Kf2 Ke7 35. Ke3 Kd7 36. Kd4 Nd1 37. Nc5+ Ke7 38. Nd3 Kd6 39. h4 h6
40. Ne5 g5 41. Nf7+ Ke6 42. Nxh6 gxh4 43. gxh4 Nf2 44. a3 Kf6 45. Ke3 Nd1+ 46.
Kd2 Nf2 47. Ke2 Ne4 48. Ng4+ Kf5 49. Ne3+ Kf4 50. Kd3 Nf6 51. Kd4 Kg3 52. Ke5
Ng4+ 1/2-1/2

[Event "GAMMA Reykjavik Open 2019"]
[Site "Reykjavik ISL"]
[Date "2019.04.11"]
[Round "5.57"]
[White "Giacomini, Hector"]
[Black "Finnbogadottir, Tinna Kristin"]
[Result "1-0"]
[WhiteElo "2167"]
[BlackElo "1849"]
[WhiteFideId "605352"]
[BlackFideId "2300214"]
[EventDate "2019.04.08"]

1. d4 d5 2. Nf3 Nf6 3. c4 c6 4. Qc2 g6 5. e3 Bf5 6. Bd3 Bxd3 7. Qxd3 Nbd7 8. Nc3
Bg7 9. O-O Qc7 10. cxd5 cxd5 11. Bd2 O-O 12. Rfc1 Qb6 13. Na4 Qd6 14. Qb5 b6 15.
Qb4 Qe6 16. Nc3 Ne4 17. Nb5 a5 18. Qa3 Rac8 19. Nc7 Qf5 20. Qxe7 Bf6 21. Qa3 g5
22. Be1 g4 23. Nd2 h5 24. Qb3 Rxc7 25. Rxc7 Bd8 26. Rc6 Ndf6 27. Nxe4 Nxe4 28.
Qd1 h4 29. Qe2 Kh7 30. f3 gxf3 31. Qxf3 Qg5 32. Bc3 Nf6 33. Rf1 Kg7 34. Qf4 Ng4
35. Bd2 Qh5 36. h3 Nf6 37. Rxf6 Bxf6 38. Qxf6+ Kg8 39. Rf5 Qd1+ 40. Kh2 Kh7 41.
Rg5 Rg8 42. Qxf7+ Kh6 43. Qxg8 1-0

[Event "GAMMA Reykjavik Open 2019"]
[Site "Reykjavik ISL"]
[Date "2019.04.11"]
[Round "5.59"]
[White "Hadzikaric, Mirsad"]
[Black "Bjornsson, Tomas"]
[Result "0-1"]
[BlackTitle "FM"]
[WhiteElo "1646"]
[BlackElo "2156"]
[WhiteFideId "636568"]
[BlackFideId "2300303"]
[EventDate "2019.04.08"]

1. g4 e5 2. c4 d5 3. cxd5 Qxd5 4. Nf3 Bxg4 5. Nc3 Qe6 6. Qa4+ Nc6 7. Nxe5 Bxe2
8. Nxe2 Qxe5 9. d4 Qe4 10. Rg1 Bb4+ 11. Bd2 Bxd2+ 12. Kxd2 Ne7 13. Bg2 Qh4 14.
Bxc6+ Nxc6 15. Rac1 O-O 16. Rg3 Rad8 17. Rcg1 g6 18. Rg4 Qf6 19. Rc1 0-1

[Event "GAMMA Reykjavik Open 2019"]
[Site "Reykjavik ISL"]
[Date "2019.04.11"]
[Round "5.60"]
[White "Williams, Mike"]
[Black "Ciolek, Andreas"]
[Result "0-1"]
[BlackTitle "FM"]
[WhiteElo "1837"]
[BlackElo "2284"]
[WhiteFideId "2060396"]
[BlackFideId "12906727"]
[EventDate "2019.04.08"]

1. d4 Nf6 2. c4 g6 3. Nc3 Bg7 4. e4 d6 5. f3 O-O 6. Be3 c5 7. Nge2 Nc6 8. d5 Ne5
9. Nc1 e6 10. Be2 exd5 11. cxd5 a6 12. a4 Bd7 13. O-O b5 14. axb5 axb5 15. Rxa8
Qxa8 16. Nxb5 Bxb5 17. Bxb5 Rb8 18. Qa4 Qxa4 19. Bxa4 Nc4 20. Bf2 Nxb2 21. Bc6
Kf8 22. Re1 Nc4 23. Nd3 Rb3 24. Nxc5 dxc5 25. Bxc5+ Kg8 26. e5 Nxe5 27. Ba4 Rc3
28. Bd4 Rc4 29. Bxe5 Rxa4 30. Rc1 Ra8 31. d6 Nd7 32. Bf4 Be5 33. Bh6 Bxd6 34.
Rd1 Bf8 35. Bf4 Nc5 36. h4 Ne6 37. Bg3 h5 38. Be1 Be7 39. g3 Ra2 40. Kh1 Bf6 41.
g4 Nd4 0-1

[Event "GAMMA Reykjavik Open 2019"]
[Site "Reykjavik ISL"]
[Date "2019.04.11"]
[Round "5.61"]
[White "Sauer, Bernd"]
[Black "Birkisson, Bardur Orn"]
[Result "1-0"]
[BlackTitle "CM"]
[WhiteElo "1885"]
[BlackElo "2234"]
[WhiteFideId "24699446"]
[BlackFideId "2310597"]
[EventDate "2019.04.08"]

1. d4 d5 2. c4 c6 3. Nc3 Nf6 4. e3 a6 5. Nf3 Bf5 6. cxd5 cxd5 7. Bd3 Bxd3 8.
Qxd3 e6 9. O-O Nc6 10. e4 dxe4 11. Nxe4 Be7 12. Bf4 h6 13. Rfd1 Nb4 14. Nxf6+
Bxf6 15. Qb3 Nd5 16. Be5 Qd7 17. Bxf6 Nxf6 18. Ne5 Qd5 19. Qa3 Rd8 20. Rac1 Qd6
21. Qxd6 Rxd6 22. Rc8+ Rd8 23. Rxd8+ Kxd8 24. Nxf7+ 1-0

[Event "GAMMA Reykjavik Open 2019"]
[Site "Reykjavik ISL"]
[Date "2019.04.11"]
[Round "5.62"]
[White "Dougherty, Michael"]
[Black "Fivelstad, Jon Olav"]
[Result "1-0"]
[WhiteTitle "FM"]
[WhiteElo "2183"]
[BlackElo "1883"]
[WhiteFideId "2601559"]
[BlackFideId "1510339"]
[EventDate "2019.04.08"]

1. d4 Nf6 2. c4 e6 3. Nc3 Bb4 4. e3 O-O 5. Bd3 d5 6. Nf3 Re8 7. O-O Bf8 8. e4
dxc4 9. Bxc4 c6 10. Bg5 Be7 11. Qe2 b5 12. Bd3 b4 13. e5 bxc3 14. exf6 gxf6 15.
Qe4 f5 16. Qh4 cxb2 17. Rae1 Bxg5 18. Nxg5 Qf6 19. Re3 h6 20. Rg3 hxg5 21. Rxg5+
Qxg5 22. Qxg5+ Kf8 23. Qd2 Ba6 24. Bxa6 Nxa6 25. Qxb2 Reb8 26. Qc3 Rb6 27. d5
Kg8 28. dxe6 fxe6 29. Qf6 Nc5 30. h4 Re8 31. Rd1 Rb7 32. Qg6+ Kf8 33. Qf6+ Rf7
34. Qd4 Ne4 35. f3 Nf6 36. Qc5+ Rfe7 37. Rd6 Kf7 38. Rxc6 Nd5 39. Qc1 f4 40. Rc5
Rd7 41. Rxd5 Rxd5 42. Qxf4+ Ke7 43. Kh2 Rc8 44. Qe4 Rc7 45. Kh3 a5 46. Qg6 Rcc5
47. Qg7+ Kd6 48. Qf8+ Kd7 49. Qf7+ Kd6 50. g4 Rc2 51. Qf4+ Ke7 52. h5 Rxa2 53.
Qc7+ Rd7 54. Qc4 Ra1 55. Kg3 a4 56. Qc3 Rdd1 57. h6 Rh1 58. h7 Rag1+ 59. Kf4
Rxh7 60. Qc7+ Ke8 61. Qxh7 a3 62. Qa7 1-0

[Event "GAMMA Reykjavik Open 2019"]
[Site "Reykjavik ISL"]
[Date "2019.04.11"]
[Round "5.63"]
[White "Van de Plassche, Erik"]
[Black "Forster, William"]
[Result "1-0"]
[BlackTitle "CM"]
[WhiteElo "2136"]
[BlackElo "1856"]
[WhiteFideId "1026860"]
[BlackFideId "4301358"]
[EventDate "2019.04.08"]

1. d4 d5 2. c4 c6 3. Nf3 Nf6 4. Nc3 e6 5. e3 Nbd7 6. Qc2 Be7 7. g4 dxc4 8. Bxc4
b6 9. Bd2 Bb7 10. g5 Nd5 11. e4 Nxc3 12. Qxc3 Qc7 13. O-O-O O-O-O 14. Be3 c5 15.
d5 e5 16. Nd2 Rhf8 17. Be2 f5 18. Nc4 Bd6 19. exf5 Rxf5 20. Bg4 Rf7 21. a4 Kb8
22. Qc2 Nf8 23. Bf5 Ba6 24. Be4 Ng6 25. Kb1 Nf4 26. h4 g6 27. f3 Bb7 28. Bxf4
exf4 29. h5 Be5 30. hxg6 hxg6 31. Rh6 Rfd7 32. Rxg6 Bxd5 33. Bxd5 Rxd5 34. Rxd5
Rxd5 35. Rg8+ Kb7 36. Qe4 Kc6 37. Rg6+ Bd6 38. Nxd6 Qxd6 39. Rxd6+ 1-0

[Event "GAMMA Reykjavik Open 2019"]
[Site "Reykjavik ISL"]
[Date "2019.04.11"]
[Round "5.67"]
[White "Savage, Allan"]
[Black "Finnsson, Johann Arnar"]
[Result "0-1"]
[WhiteTitle "FM"]
[WhiteElo "2021"]
[BlackElo "1776"]
[WhiteFideId "2002221"]
[BlackFideId "2308240"]
[EventDate "2019.04.08"]

1. f4 d6 2. g3 e5 3. d3 g6 4. Nf3 Bg7 5. Nc3 Ne7 6. Bg2 Nbc6 7. O-O O-O 8. e4 f5
9. Be3 exf4 10. gxf4 Be6 11. Ng5 Bd7 12. Qd2 h6 13. Nf3 Kh7 14. Rae1 Be6 15. e5
dxe5 16. Nxe5 Nxe5 17. fxe5 Nd5 18. Bc5 Re8 19. Nd1 c6 20. Bd6 Bf8 21. Bxf8 Rxf8
22. d4 f4 23. c4 Nb6 24. b3 Qg5 25. Qc3 Rf7 26. Kh1 Raf8 27. Bf3 Qh4 28. Nf2 g5
29. Be4+ Kg8 30. Qf3 g4 31. Qg2 g3 32. Bf3 Rg7 33. Rg1 Rff7 34. Ne4 gxh2 35.
Nf6+ Kh8 36. Rgf1 Rxg2 37. Bxg2 Rg7 38. Re2 Nxc4 39. bxc4 Bxc4 40. Ref2 Bxf1 41.
Rxf1 Qg3 0-1

[Event "GAMMA Reykjavik Open 2019"]
[Site "Reykjavik ISL"]
[Date "2019.04.11"]
[Round "5.68"]
[White "Bejatovic, Bojana"]
[Black "Jonsson, Olafur Gisli"]
[Result "1-0"]
[WhiteElo "2021"]
[BlackElo "1773"]
[WhiteFideId "15000141"]
[BlackFideId "2302705"]
[EventDate "2019.04.08"]

1. e4 e5 2. Bc4 Nc6 3. Nc3 Nf6 4. d3 Bb4 5. a3 Bxc3+ 6. bxc3 O-O 7. Qf3 d6 8. h3
Be6 9. Bxe6 fxe6 10. Qg3 d5 11. Bh6 Qe7 12. exd5 exd5 13. Ne2 Kh8 14. Bg5 Rae8
15. O-O Qf7 16. Rab1 b6 17. Qh4 Ne7 18. Qa4 a5 19. f4 e4 20. Bxf6 Qxf6 21. dxe4
dxe4 22. Qxe4 Nf5 23. Qd3 Re3 24. Qc4 Rfe8 25. Nd4 Nxd4 26. cxd4 Qg6 27. Qxc7
Rxh3 28. Rxb6 Qg3 29. Rb3 Qh2+ 30. Kf2 Rh4 31. Rf3 Rg4 32. Rg1 Rg6 33. Rh3 1-0

[Event "GAMMA Reykjavik Open 2019"]
[Site "Reykjavik ISL"]
[Date "2019.04.11"]
[Round "5.69"]
[White "Andersson, Lars"]
[Black "Chilton, James I"]
[Result "1-0"]
[WhiteElo "2012"]
[BlackElo "1747"]
[WhiteFideId "1706772"]
[BlackFideId "423009"]
[EventDate "2019.04.08"]

1. d4 Nf6 2. Bf4 d5 3. e3 c5 4. c3 e6 5. Nd2 Nc6 6. Bd3 c4 7. Bc2 b5 8. a3 Bb7
9. Ngf3 a5 10. e4 Ne7 11. e5 Ne4 12. Nxe4 dxe4 13. Nd2 e3 14. fxe3 Bxg2 15. Rg1
Bc6 16. Ne4 Nf5 17. Qe2 Be7 18. Nd6+ Nxd6 19. exd6 Bh4+ 20. Kd2 g6 21. Be5 Rf8
22. Raf1 Qd7 23. Qg4 Bd8 24. Qh3 f5 25. e4 Bb6 26. exf5 Rxf5 27. Bxf5 exf5 28.
Rxg6 O-O-O 29. Rg7 Qe8 30. Qxf5+ Bd7 31. Qf7 h6 32. Qxe8 Bxe8 33. Rf8 b4 34. Bf6
bxc3+ 35. bxc3 Rxd6 36. Rxe8+ Bd8 37. Rxd8+ 1-0

[Event "GAMMA Reykjavik Open 2019"]
[Site "Reykjavik ISL"]
[Date "2019.04.11"]
[Round "5.71"]
[White "Eiriksson, Sigurdur"]
[Black "Johannsson, Birkir Isak"]
[Result "1-0"]
[WhiteElo "1807"]
[BlackElo "2005"]
[WhiteFideId "2302314"]
[BlackFideId "2314673"]
[EventDate "2019.04.08"]

1. d4 d5 2. Bf4 c5 3. c3 Nc6 4. e3 Nf6 5. Bd3 Qb6 6. Qc2 c4 7. Be2 Bf5 8. Qc1 e6
9. Nd2 h6 10. Ngf3 Qd8 11. O-O Be7 12. Ne5 Nxe5 13. dxe5 Ne4 14. Nxe4 Bxe4 15.
Rd1 Qc8 16. Qd2 O-O 17. Bg3 b5 18. f3 Bh7 19. Bf2 Qc6 20. Qd4 Bc5 21. Qd2 a5 22.
a3 Qb6 23. h3 Rfb8 24. Bf1 b4 25. axb4 axb4 26. Rxa8 Rxa8 27. Kh1 Bg6 28. cxb4
Bxb4 29. e4 Qb7 30. Qd4 dxe4 31. fxe4 Rc8 32. Bxc4 Bxe4 33. Bf1 Rc2 34. Bd3 Bxd3
35. Rxd3 Bc5 36. Qd8+ Kh7 37. Rd2 Be7 38. Qd3+ 1-0

[Event "GAMMA Reykjavik Open 2019"]
[Site "Reykjavik ISL"]
[Date "2019.04.11"]
[Round "5.72"]
[White "Hallsson, Jon Eggert"]
[Black "Sigurbjornsson, Sigurjon"]
[Result "1-0"]
[WhiteElo "1710"]
[BlackElo "1986"]
[WhiteFideId "2311569"]
[BlackFideId "2302888"]
[EventDate "2019.04.08"]

1. d4 Nf6 2. Bg5 d6 3. Nc3 d5 4. Nf3 Nbd7 5. e3 c6 6. Bd3 e6 7. Qe2 Bb4 8. a3
Be7 9. Rd1 Qb6 10. b4 a5 11. Na4 Qc7 12. Nc5 b6 13. Nxd7 Bxd7 14. Bf4 Bd6 15.
Bxd6 Qxd6 16. c3 O-O 17. Ne5 c5 18. bxc5 bxc5 19. Ra1 c4 20. Bc2 Rfb8 21. a4 Be8
22. O-O Rb6 23. f4 Nd7 24. Rf3 Nf8 25. e4 f6 26. Ng4 dxe4 27. Bxe4 Bc6 28. f5
Bxe4 29. Qxe4 Qd5 30. Rg3 Kf7 31. fxe6+ 1-0

[Event "GAMMA Reykjavik Open 2019"]
[Site "Reykjavik ISL"]
[Date "2019.04.11"]
[Round "5.73"]
[White "Esbensen, Kai Inge"]
[Black "Ontiveros, John"]
[Result "1-0"]
[WhiteElo "1985"]
[BlackElo "1697"]
[WhiteFideId "1507486"]
[BlackFideId "2303981"]
[EventDate "2019.04.08"]

1. d4 d5 2. c4 e6 3. Nc3 Nf6 4. cxd5 Nxd5 5. e4 Nb6 6. Be3 N6d7 7. Nf3 Be7 8. a4
a5 9. Bd3 Rg8 10. O-O c5 11. Qc2 cxd4 12. Nxd4 Ne5 13. Be2 Na6 14. Rfd1 Nb4 15.
Qb3 Bd7 1-0

[Event "GAMMA Reykjavik Open 2019"]
[Site "Reykjavik ISL"]
[Date "2019.04.11"]
[Round "5.77"]
[White "Alexandersson, Orn"]
[Black "Hosdurga, Chirag"]
[Result "1-0"]
[WhiteElo "1523"]
[BlackElo "1941"]
[WhiteFideId "2315912"]
[BlackFideId "438189"]
[EventDate "2019.04.08"]

1. d4 Nf6 2. c4 g6 3. Nc3 Bg7 4. e4 d6 5. Be2 O-O 6. Be3 e5 7. d5 Ne8 8. g4 c6
9. h4 f5 10. gxf5 gxf5 11. exf5 Bxf5 12. h5 h6 13. Nf3 cxd5 14. Qxd5+ Rf7 15.
O-O-O Nc6 16. Rdg1 Qf6 17. Nh4 Be6 18. Qd2 Nd4 19. Bxh6 Nxe2+ 20. Nxe2 Bxc4 21.
Nc3 Rc8 22. Rg6 Qe7 23. Bg5 Qf8 24. h6 Rxf2 25. hxg7 Nxg7 26. Qe1 d5 27. Qxe5
Rf1+ 28. Kc2 Rxh1 29. Qe6+ Qf7 30. Qxc8+ Kh7 31. Rh6# 1-0

[Event "GAMMA Reykjavik Open 2019"]
[Site "Reykjavik ISL"]
[Date "2019.04.11"]
[Round "5.78"]
[White "Baldvinsson, Loftur"]
[Black "Davidsson, Stefan Orri"]
[Result "1-0"]
[WhiteElo "1938"]
[BlackElo "1555"]
[WhiteFideId "2301261"]
[BlackFideId "2311399"]
[EventDate "2019.04.08"]

1. e4 c5 2. Nf3 d6 3. d4 cxd4 4. Nxd4 Nf6 5. Nc3 a6 6. Bg5 e6 7. f4 Nbd7 8. Bc4
b5 9. Bd3 Bb7 10. Qe2 Be7 11. e5 dxe5 12. fxe5 Nd5 13. Nxe6 fxe6 14. Qh5+ Kf8
15. O-O+ N5f6 16. exf6 Bxf6 17. Ne4 Kg8 18. Nxf6+ Nxf6 19. Bxf6 gxf6 20. Qh6 Qd7
21. Rf2 f5 22. Bxf5 1-0

[Event "GAMMA Reykjavik Open 2019"]
[Site "Reykjavik ISL"]
[Date "2019.04.11"]
[Round "5.79"]
[White "Fabregas, Oliver"]
[Black "Nergard, Ole-Kristian"]
[Result "1-0"]
[WhiteElo "1922"]
[BlackElo "1507"]
[WhiteFideId "4609719"]
[BlackFideId "1543156"]
[EventDate "2019.04.08"]

1. Nf3 c5 2. g3 Nc6 3. Bg2 g6 4. O-O Bg7 5. d3 Nf6 6. e4 d6 7. Nbd2 O-O 8. Re1
e5 9. a4 b6 10. Nc4 Bb7 11. h3 Qc7 12. c3 Ba6 13. Be3 Rab8 14. Na3 Rfe8 15. Nb5
Qd7 16. Qc2 Bb7 17. Rad1 a6 18. Na3 d5 19. Bg5 d4 20. Bxf6 Bxf6 21. Nh2 Bg7 22.
f4 exf4 23. gxf4 Bh6 24. Ng4 Bg7 25. Nc4 Ba8 26. e5 h5 27. Nf2 b5 28. axb5 axb5
29. Nd6 Re7 30. Nde4 Qf5 31. Rf1 Qxf4 32. Ng4 Qxf1+ 33. Rxf1 hxg4 34. Nf6+ Kf8
35. hxg4 Nxe5 36. Bxa8 Rxa8 37. g5 c4 38. cxd4 Nxd3 39. Qh2 Rd8 40. Qh7 Bxf6 41.
gxf6 1-0

[Event "GAMMA Reykjavik Open 2019"]
[Site "Reykjavik ISL"]
[Date "2019.04.11"]
[Round "5.80"]
[White "Hafdisarson, Ingi Thor"]
[Black "Valtysson, Thor"]
[Result "0-1"]
[WhiteElo "1220"]
[BlackElo "1915"]
[WhiteFideId "2306956"]
[BlackFideId "2301903"]
[EventDate "2019.04.08"]

1. c4 e6 2. d4 d5 3. Nf3 Nf6 4. Nc3 Be7 5. Qc2 Nbd7 6. Bf4 c6 7. cxd5 exd5 8. a3
O-O 9. e3 Re8 10. Bd3 Nf8 11. O-O Ne6 12. Be5 g6 13. Rad1 Ng7 14. e4 dxe4 15.
Nxe4 Nd5 16. Rd2 f6 17. Bg3 Nf5 18. Bc4 Nxg3 19. Nxg3 Kg7 20. h3 Nb6 21. Ba2 Bd6
22. Ne2 Bf5 23. Qc1 Qd7 24. Nh4 Bxh3 25. Qc3 Bg4 26. Ng3 Bf4 27. Rc2 Rad8 28.
Nf3 Nd5 29. Qb3 Bxg3 30. fxg3 Ne3 31. Re1 Nxc2 32. Rxe8 Rxe8 33. Qxc2 Bxf3 34.
gxf3 Qxd4+ 35. Kh2 Qe3 36. Qc4 Qe2+ 37. Kh3 Qxc4 0-1

[Event "GAMMA Reykjavik Open 2019"]
[Site "Reykjavik ISL"]
[Date "2019.04.11"]
[Round "5.81"]
[White "Savitha, Shri B"]
[Black "Briem, Gudrun Fanney"]
[Result "1-0"]
[WhiteElo "1895"]
[BlackElo "1234"]
[WhiteFideId "35061887"]
[BlackFideId "2317486"]
[EventDate "2019.04.08"]

1. Nf3 Nf6 2. g3 g6 3. Bg2 Bg7 4. O-O O-O 5. c4 d6 6. d4 Nbd7 7. Nc3 e5 8. dxe5
dxe5 9. Bg5 c6 10. Qd2 Qc7 11. Rad1 Rd8 12. Bxf6 Bxf6 13. Ne4 Bg7 14. Bh3 f5 15.
Neg5 Re8 16. Nh4 e4 17. Qe3 Nf6 18. c5 h6 19. Qb3+ Nd5 20. Rxd5 cxd5 21. Qxd5+
Be6 22. Nxe6 Qf7 23. Nxf5 gxf5 24. Bxf5 Rad8 25. Qxe4 Qf6 26. Qc4 Qf7 27. Qg4
Rd2 28. Qf4 Rd7 29. Nxg7 Kxg7 30. Qg4+ Kf8 31. Bxd7 Re7 32. Rd1 h5 33. Qf4 Qxf4
34. gxf4 Rxe2 35. b4 Rxa2 36. Bc8 b6 37. c6 Ke7 38. Bb7 Rc2 39. f5 a5 40. bxa5
bxa5 41. Kg2 a4 42. Kg3 a3 43. Ra1 a2 44. Rxa2 Rc3+ 45. Kh4 Kf6 46. Ra5 Rc4+ 47.
Kg3 h4+ 48. Kg2 Rg4+ 49. Kh3 Rc4 50. Rd5 Kg5 51. f6+ Kxf6 52. Rd7 Kg5 53. c7
Rc3+ 54. f3 Rxf3+ 55. Bxf3 Kf4 56. c8=Q Kxf3 57. Qc4 Kf2 58. Qc2+ Kg1 59. Qg2# 1-0

[Event "GAMMA Reykjavik Open 2019"]
[Site "Reykjavik ISL"]
[Date "2019.04.11"]
[Round "5.82"]
[White "Omarsson, Adam"]
[Black "Ptacnikova, Lenka"]
[Result "0-1"]
[BlackTitle "WGM"]
[WhiteElo "1144"]
[BlackElo "2202"]
[WhiteFideId "2311453"]
[BlackFideId "305650"]
[EventDate "2019.04.08"]

1. d4 Nf6 2. c4 g6 3. Nc3 d5 4. cxd5 Nxd5 5. e4 Nxc3 6. bxc3 Bg7 7. Nf3 O-O 8.
Bb2 c5 9. Bc4 cxd4 10. cxd4 Nc6 11. O-O Bg4 12. e5 Rc8 13. Be2 Qb6 14. Rb1 Rfd8
15. d5 Bf5 16. Bd4 Qxb1 17. Qxb1 Bxb1 18. dxc6 Be4 19. cxb7 Bxb7 20. Bxa7 Rc2
21. g3 Rxe2 22. Nd4 Rb2 23. Nb3 Bxe5 24. Re1 Rc2 25. Na5 Bd6 0-1

[Event "GAMMA Reykjavik Open 2019"]
[Site "Reykjavik ISL"]
[Date "2019.04.11"]
[Round "5.83"]
[White "Tinguely, Frederic"]
[Black "Halldorsson, Bragi"]
[Result "0-1"]
[WhiteElo "1729"]
[BlackElo "2112"]
[WhiteFideId "1339303"]
[BlackFideId "2300907"]
[EventDate "2019.04.08"]

1. d4 c6 2. c3 d5 3. Bf4 Bf5 4. Nf3 e6 5. e3 Bd6 6. Bg3 Qc7 7. Nbd2 Nd7 8. Bxd6
Qxd6 9. Nh4 Bg6 10. Nxg6 hxg6 11. h3 Ngf6 12. Qb3 O-O 13. Bd3 c5 14. Qd1 e5 15.
dxe5 Nxe5 16. Nf3 d4 17. cxd4 Nxf3+ 18. gxf3 cxd4 19. e4 Nh5 20. Qb3 Rac8 21.
Ke2 Nf4+ 22. Kd2 Rc6 23. Rac1 Rfc8 24. Rxc6 Qxc6 25. Qc2 Qd7 26. Qb3 Qc7 27. h4
Qa5+ 28. Kd1 Qh5 29. Be2 d3 30. Qxb7 dxe2+ 31. Kd2 Qc5 32. Qb3 e1=Q+ 33. Rxe1
Qxf2+ 34. Kd1 Rd8+ 0-1

[Event "GAMMA Reykjavik Open 2019"]
[Site "Reykjavik ISL"]
[Date "2019.04.11"]
[Round "5.84"]
[White "Fridthjofsdottir, Sigurl. Regina"]
[Black "Rice, Chris B"]
[Result "0-1"]
[WhiteElo "1699"]
[BlackElo "2026"]
[WhiteFideId "2300788"]
[BlackFideId "404446"]
[EventDate "2019.04.08"]

1. e4 e6 2. d3 d5 3. Nd2 c5 4. Ngf3 Nc6 5. g3 Bd6 6. Bg2 Nge7 7. O-O O-O 8. Re1
Qc7 9. Nf1 d4 10. Qe2 e5 11. h4 f6 12. h5 Be6 13. h6 g6 14. N1h2 b5 15. g4 g5
16. Bh3 Ng6 17. c3 c4 18. dxc4 bxc4 19. Nf1 Bc5 20. cxd4 exd4 21. Ng3 d3 22. Qd1
Qxg3+ 0-1

[Event "GAMMA Reykjavik Open 2019"]
[Site "Reykjavik ISL"]
[Date "2019.04.11"]
[Round "5.85"]
[White "Aasen, Joakim"]
[Black "Schultze, Joerg-Martin"]
[Result "1-0"]
[WhiteElo "1645"]
[BlackElo "2000"]
[WhiteFideId "1539078"]
[BlackFideId "12972070"]
[EventDate "2019.04.08"]

1. d4 Nf6 2. c4 e6 3. Nf3 d5 4. g3 c6 5. Bg2 Be7 6. O-O Nbd7 7. Nbd2 O-O 8. Qc2
Re8 9. e4 dxe4 10. Nxe4 Nxe4 11. Qxe4 Nf6 12. Qc2 c5 13. Rd1 Qb6 14. Be3 Ng4 15.
Bf4 cxd4 16. h3 Nf6 17. Nxd4 Bd7 18. Rac1 Rac8 19. Qb3 Qa5 20. Qxb7 Bc5 21. Nb3
Qa4 22. Nxc5 Rxc5 23. b3 Qxa2 24. Rxd7 Nxd7 25. Qxd7 Rcc8 26. b4 Red8 27. Qb5
Rd4 28. Bf1 Qa3 29. Qg5 f6 30. Qa5 Qb2 31. Qa6 Re8 32. Qa1 Qxa1 33. Rxa1 Re7 34.
Be3 Rdd7 35. b5 Rc7 36. c5 e5 37. c6 Kf7 38. Bc5 Ke8 39. Bxe7 Kxe7 40. Rxa7 Rxa7
41. b6 Ra8 42. b7 Re8 43. c7 Kd7 1-0

[Event "GAMMA Reykjavik Open 2019"]
[Site "Reykjavik ISL"]
[Date "2019.04.11"]
[Round "5.91"]
[White "Haile, Batel Goitom"]
[Black "Lee, Gudmundur Kristinn"]
[Result "0-1"]
[WhiteElo "1582"]
[BlackElo "1883"]
[WhiteFideId "2315190"]
[BlackFideId "2303361"]
[EventDate "2019.04.08"]

1. d4 d5 2. c4 c6 3. Nc3 Nf6 4. e3 g6 5. Nf3 Bg7 6. Bd3 O-O 7. O-O Nbd7 8. Re1
Re8 9. h3 e5 10. e4 exd4 11. Nxd4 c5 12. Nf3 d4 13. Nd5 Ne5 14. Nxe5 Rxe5 15.
Bf4 Rh5 16. Qf3 Nxd5 17. exd5 Bd7 18. Re2 Qf6 19. Rae1 Bf8 20. b3 Rh4 21. Bg3
Qxf3 22. gxf3 Rxh3 23. a3 a5 24. a4 Ra6 25. Kg2 Rh5 26. Rh1 Rxh1 27. Kxh1 Rb6
28. Bc2 d3 29. Bxd3 Rxb3 30. Bc2 Rc3 31. Bc7 Rxc4 32. Bxa5 Bxa4 33. Bxa4 Rxa4
34. Bc7 Rd4 35. Re8 Rxd5 36. Bf4 f6 37. Kg2 Kf7 38. Rb8 Rd7 39. Be3 Bd6 40. Rc8
Rc7 41. Rh8 Ke6 42. Re8+ Re7 43. Rc8 Kd5 44. Rd8 Kc6 45. Rc8+ Rc7 46. Ra8 b5 47.
Ra6+ Kd5 48. Rb6 b4 49. Kf1 Be5 50. Ke2 Kc4 51. Kd2 Ra7 52. Rc6 Ra2+ 53. Kc1
Ra1+ 54. Kd2 Bc3+ 55. Ke2 Re1# 0-1